[Event "April 9 Early 2024"]
[Site "Chess.com"]
[Date "2024.04.09"]
[Round "7"]
[White "Schut, Han"]
[Black "Dwilewicz, Katarzyna"]
[Result "1-0"]
[Board "184"]
[WhiteFideId "1005561"]
[BlackFideId "1148486"]
[WhiteTitle "CM"]
[BlackTitle "WFM"]
[WhiteElo "2268"]
[BlackElo "2476"]
[WhiteTeam "NED"]
[BlackTeam "POL"]
[WhiteClock "0:00:04"]
[BlackClock "0:00:05"]
[Variant "Standard"]

1. e4 {[%clk 0:03:00]}  c5 {[%clk 0:03:00]} 2. Nf3 {[%clk 0:03:00]}  a6 {[%clk 0:03:00]} 3. c4 {[%clk 0:02:59]}  Nc6 {[%clk 0:03:00]} 4. Nc3 {[%clk 0:02:59]}  Nf6 {[%clk 0:02:59]} 5. Be2 {[%clk 0:02:56]}  e5 {[%clk 0:02:58]} 6. O-O {[%clk 0:02:54]}  g6 {[%clk 0:02:58]} 7. d3 {[%clk 0:02:54]}  Bg7 {[%clk 0:02:59]} 8. Be3 {[%clk 0:02:54]}  d6 {[%clk 0:02:58]} 9. Nd5 {[%clk 0:02:54]}  O-O {[%clk 0:02:58]} 10. Qd2 {[%clk 0:02:54]}  Nxd5 {[%clk 0:02:58]} 11. cxd5 {[%clk 0:02:52]}  Nd4 {[%clk 0:02:57]} 12. Nxd4 {[%clk 0:02:48]}  cxd4 {[%clk 0:02:54]} 13. Bh6 {[%clk 0:02:48]}  f5 {[%clk 0:02:55]} 14. Bxg7 {[%clk 0:02:47]}  Kxg7 {[%clk 0:02:55]} 15. f4 {[%clk 0:02:36]}  Bd7 {[%clk 0:02:38]} 16. Rac1 {[%clk 0:02:28]}  Rc8 {[%clk 0:02:12]} 17. Qb4 {[%clk 0:02:19]}  Bb5 {[%clk 0:01:58]} 18. Rxc8 {[%clk 0:02:06]}  Qxc8 {[%clk 0:01:56]} 19. Qxd6 {[%clk 0:02:06]}  Qe8 {[%clk 0:01:19]} 20. a4 {[%clk 0:01:21]}  Bxa4 {[%clk 0:00:59]} 21. fxe5 {[%clk 0:01:19]}  fxe4 {[%clk 0:00:44]} 22. Rxf8 {[%clk 0:01:06]}  Qxf8 {[%clk 0:00:45]} 23. Qxf8+ {[%clk 0:01:05]}  Kxf8 {[%clk 0:00:46]} 24. dxe4 {[%clk 0:01:05]}  Bc2 {[%clk 0:00:45]} 25. Bf3 {[%clk 0:00:57]}  d3 {[%clk 0:00:43]} 26. Kf2 {[%clk 0:00:57]}  d2 {[%clk 0:00:42]} 27. e6 {[%clk 0:00:53]}  Bxe4 {[%clk 0:00:30]} 28. Ke2 {[%clk 0:00:48]}  Bf5 {[%clk 0:00:06]} 29. Kxd2 {[%clk 0:00:47]}  Ke7 {[%clk 0:00:06]} 30. Ke3 {[%clk 0:00:35]}  Kd6 {[%clk 0:00:06]} 31. Be4 {[%clk 0:00:33]}  Bg4 {[%clk 0:00:06]} 32. Bf3 {[%clk 0:00:26]}  Bf5 {[%clk 0:00:06]} 33. Kd4 {[%clk 0:00:26]}  a5 {[%clk 0:00:06]} 34. h3 {[%clk 0:00:24]}  Bc2 {[%clk 0:00:06]} 35. Be4 {[%clk 0:00:21]}  Bb3 {[%clk 0:00:05]} 36. g4 {[%clk 0:00:21]}  b5 {[%clk 0:00:05]} 37. h4 {[%clk 0:00:20]}  b4 {[%clk 0:00:04]} 38. g5 {[%clk 0:00:18]}  a4 {[%clk 0:00:04]} 39. h5 {[%clk 0:00:18]}  gxh5 {[%clk 0:00:03]} 40. Bxh7 {[%clk 0:00:18]}  h4 {[%clk 0:00:03]} 41. g6 {[%clk 0:00:16]}  Bc2 {[%clk 0:00:03]} 42. Bg8 {[%clk 0:00:03]}  h3 {[%clk 0:00:03]} 43. e7 {[%clk 0:00:03]}  Kxe7 {[%clk 0:00:02]} 44. Kc5 {[%clk 0:00:04]}  h2 {[%clk 0:00:02]} 45. d6+ {[%clk 0:00:05]}  Kd8 {[%clk 0:00:02]} 46. Bd5 {[%clk 0:00:06]}  Bb3 {[%clk 0:00:02]} 47. Bc6 {[%clk 0:00:05]}  a3 {[%clk 0:00:02]} 48. bxa3 {[%clk 0:00:04]}  bxa3 {[%clk 0:00:02]} 49. g7 {[%clk 0:00:01]}  a2 {[%clk 0:00:02]} 50. Bd5 {[%clk 0:00:02]}  Bxd5 {[%clk 0:00:03]} 51. Kxd5 {[%clk 0:00:02]}  a1=Q {[%clk 0:00:03]} 52. g8=Q+ {[%clk 0:00:03]}  Kd7 {[%clk 0:00:04]} 53. Qf7+ {[%clk 0:00:04]}  Kc8 {[%clk 0:00:05]} 54. Qc7# {[%clk 0:00:04]} 1-0

[Event "April 9 Early 2024"]
[Site "Chess.com"]
[Date "2024.04.09"]
[Round "7"]
[White "Ghosh, Chanchal Kumer"]
[Black "Krivenko, Dion"]
[Result "1-0"]
[Board "185"]
[WhiteFideId "10201858"]
[BlackFideId "4508378"]
[WhiteTitle "CM"]
[BlackTitle "CM"]
[WhiteElo "2262"]
[BlackElo "2452"]
[WhiteTeam "BAN"]
[BlackTeam "EST"]
[WhiteClock "0:00:20"]
[BlackClock "0:00:00"]
[Variant "Standard"]

1. e4 {[%clk 0:03:00]}  e5 {[%clk 0:02:59]} 2. Nf3 {[%clk 0:02:57]}  Nc6 {[%clk 0:03:00]} 3. Bc4 {[%clk 0:02:41]}  d6 {[%clk 0:02:49]} 4. c3 {[%clk 0:02:40]}  Be7 {[%clk 0:02:47]} 5. d4 {[%clk 0:02:38]}  Nf6 {[%clk 0:02:46]} 6. Qe2 {[%clk 0:02:30]}  exd4 {[%clk 0:02:40]} 7. cxd4 {[%clk 0:02:28]}  Bg4 {[%clk 0:02:40]} 8. Bb5 {[%clk 0:02:24]}  O-O {[%clk 0:02:38]} 9. Bxc6 {[%clk 0:02:24]}  bxc6 {[%clk 0:02:39]} 10. h3 {[%clk 0:02:18]}  Bh5 {[%clk 0:02:34]} 11. O-O {[%clk 0:02:17]}  Re8 {[%clk 0:02:28]} 12. Nc3 {[%clk 0:02:15]}  Rb8 {[%clk 0:02:24]} 13. Re1 {[%clk 0:02:11]}  d5 {[%clk 0:02:06]} 14. e5 {[%clk 0:02:10]}  Bb4 {[%clk 0:02:05]} 15. Bg5 {[%clk 0:01:59]}  Qd7 {[%clk 0:01:48]} 16. Bxf6 {[%clk 0:01:48]}  gxf6 {[%clk 0:01:49]} 17. Qe3 {[%clk 0:01:43]}  Bxf3 {[%clk 0:01:30]} 18. Qxf3 {[%clk 0:01:40]}  fxe5 {[%clk 0:01:30]} 19. dxe5 {[%clk 0:01:36]}  Bxc3 {[%clk 0:01:28]} 20. bxc3 {[%clk 0:01:33]}  Re6 {[%clk 0:01:28]} 21. Re3 {[%clk 0:01:31]}  Rg6 {[%clk 0:01:24]} 22. Rae1 {[%clk 0:01:29]}  Qe6 {[%clk 0:01:20]} 23. Qf4 {[%clk 0:01:24]}  Rb2 {[%clk 0:01:16]} 24. a4 {[%clk 0:01:20]}  c5 {[%clk 0:01:03]} 25. Rg3 {[%clk 0:01:11]}  c6 {[%clk 0:01:02]} 26. Rxg6+ {[%clk 0:01:05]}  hxg6 {[%clk 0:00:57]} 27. Qe3 {[%clk 0:01:02]}  Qe7 {[%clk 0:00:47]} 28. Qh6 {[%clk 0:00:59]}  Qe6 {[%clk 0:00:33]} 29. Re3 {[%clk 0:00:57]}  Qf5 {[%clk 0:00:28]} 30. Qh4 {[%clk 0:00:44]}  Kg7 {[%clk 0:00:20]} 31. e6 {[%clk 0:00:42]}  fxe6 {[%clk 0:00:17]} 32. Qe7+ {[%clk 0:00:36]}  Qf7 {[%clk 0:00:07]} 33. Rxe6 {[%clk 0:00:37]}  Rb7 {[%clk 0:00:05]} 34. Qxf7+ {[%clk 0:00:31]}  Kxf7 {[%clk 0:00:05]} 35. Rxc6 {[%clk 0:00:31]}  d4 {[%clk 0:00:05]} 36. Rxc5 {[%clk 0:00:30]}  dxc3 {[%clk 0:00:03]} 37. Rxc3 {[%clk 0:00:31]}  Rb4 {[%clk 0:00:04]} 38. Rc7+ {[%clk 0:00:28]}  Kf6 {[%clk 0:00:03]} 39. Rxa7 {[%clk 0:00:29]}  Rb2 {[%clk 0:00:02]} 40. g3 {[%clk 0:00:30]}  Kf5 {[%clk 0:00:03]} 41. Kg2 {[%clk 0:00:30]}  Kg5 {[%clk 0:00:03]} 42. h4+ {[%clk 0:00:30]}  Kh5 {[%clk 0:00:03]} 43. Ra5+ {[%clk 0:00:29]}  Kh6 {[%clk 0:00:04]} 44. Ra6 {[%clk 0:00:28]}  Ra2 {[%clk 0:00:05]} 45. g4 {[%clk 0:00:27]}  Kg7 {[%clk 0:00:05]} 46. Kg3 {[%clk 0:00:26]}  Kf7 {[%clk 0:00:05]} 47. f3 {[%clk 0:00:26]}  Ra1 {[%clk 0:00:05]} 48. Kf4 {[%clk 0:00:26]}  Rh1 {[%clk 0:00:06]} 49. Kg5 {[%clk 0:00:25]}  Rf1 {[%clk 0:00:05]} 50. f4 {[%clk 0:00:24]}  Ra1 {[%clk 0:00:05]} 51. Ra7+ {[%clk 0:00:23]}  Ke6 {[%clk 0:00:05]} 52. Kxg6 {[%clk 0:00:23]}  Rg1 {[%clk 0:00:05]} 53. f5+ {[%clk 0:00:23]}  Ke5 {[%clk 0:00:05]} 54. g5 {[%clk 0:00:23]}  Rh1 {[%clk 0:00:05]} 55. h5 {[%clk 0:00:23]}  Rg1 {[%clk 0:00:06]} 56. f6 {[%clk 0:00:21]}  Kf4 {[%clk 0:00:00]} 57. Ra5 {[%clk 0:00:20]} 1-0

[Event "April 9 Early 2024"]
[Site "Chess.com"]
[Date "2024.04.09"]
[Round "7"]
[White "Chernov, Alexander A."]
[Black "Zheenbekov, Nurgazy"]
[Result "0-1"]
[Board "186"]
[WhiteFideId "4152492"]
[BlackFideId "13800485"]
[WhiteTitle "FM"]
[WhiteElo "2251"]
[BlackElo "2451"]
[WhiteTeam "RUS"]
[BlackTeam "KGZ"]
[WhiteClock "0:00:00"]
[BlackClock "0:00:14"]
[Variant "Standard"]

1. d4 {[%clk 0:02:56]}  Nf6 {[%clk 0:02:58]} 2. Nf3 {[%clk 0:02:53]}  g6 {[%clk 0:02:56]} 3. Bg5 {[%clk 0:02:49]}  Bg7 {[%clk 0:02:55]} 4. Nbd2 {[%clk 0:02:48]}  d5 {[%clk 0:02:48]} 5. e3 {[%clk 0:02:41]}  O-O {[%clk 0:02:48]} 6. c3 {[%clk 0:02:37]}  Nbd7 {[%clk 0:02:22]} 7. Qc2 {[%clk 0:02:23]}  Re8 {[%clk 0:02:19]} 8. Be2 {[%clk 0:02:13]}  e5 {[%clk 0:02:17]} 9. dxe5 {[%clk 0:02:13]}  Nxe5 {[%clk 0:02:17]} 10. Nxe5 {[%clk 0:02:12]}  Rxe5 {[%clk 0:02:16]} 11. Nf3 {[%clk 0:02:12]}  Re8 {[%clk 0:02:16]} 12. O-O {[%clk 0:02:11]}  c6 {[%clk 0:02:11]} 13. Rfd1 {[%clk 0:01:52]}  Bf5 {[%clk 0:02:11]} 14. Bd3 {[%clk 0:01:52]}  Bxd3 {[%clk 0:02:04]} 15. Rxd3 {[%clk 0:01:43]}  Qb6 {[%clk 0:02:03]} 16. Rad1 {[%clk 0:01:09]}  Ne4 {[%clk 0:02:01]} 17. Bh4 {[%clk 0:01:08]}  h6 {[%clk 0:01:49]} 18. Bg3 {[%clk 0:00:33]}  a5 {[%clk 0:01:47]} 19. Rf1 {[%clk 0:00:21]}  a4 {[%clk 0:01:46]} 20. a3 {[%clk 0:00:19]}  Ra5 {[%clk 0:01:26]} 21. Rdd1 {[%clk 0:00:18]}  Rb5 {[%clk 0:01:17]} 22. Rb1 {[%clk 0:00:18]}  Ra8 {[%clk 0:00:43]} 23. Nd2 {[%clk 0:00:17]}  Nxd2 {[%clk 0:00:37]} 24. Qxd2 {[%clk 0:00:17]}  Rb3 {[%clk 0:00:36]} 25. Qc2 {[%clk 0:00:13]}  Qb5 {[%clk 0:00:34]} 26. Bd6 {[%clk 0:00:12]}  Ra6 {[%clk 0:00:31]} 27. Rfd1 {[%clk 0:00:10]}  Qc4 {[%clk 0:00:30]} 28. Bg3 {[%clk 0:00:06]}  Rab6 {[%clk 0:00:29]} 29. h3 {[%clk 0:00:03]}  R6b5 {[%clk 0:00:27]} 30. Kh2 {[%clk 0:00:03]}  Qc5 {[%clk 0:00:16]} 31. Qc1 {[%clk 0:00:02]}  Qb6 {[%clk 0:00:14]} 32. Qc2 {[%clk 0:00:00]}  Bxc3 {[%clk 0:00:14]} 0-1

[Event "April 9 Early 2024"]
[Site "Chess.com"]
[Date "2024.04.09"]
[Round "7"]
[White "Shevchuk, Olexandr"]
[Black "Adam, Ernestina"]
[Result "0-1"]
[Board "187"]
[WhiteFideId "14113775"]
[BlackFideId "165883"]
[BlackTitle "WFM"]
[WhiteElo "2450"]
[BlackElo "2250"]
[WhiteTeam "UKR"]
[BlackTeam "ARG"]
[WhiteClock "0:00:06"]
[BlackClock "0:00:03"]
[Variant "Standard"]

1. d4 {[%clk 0:03:00]}  Nf6 {[%clk 0:02:58]} 2. c4 {[%clk 0:03:00]}  g6 {[%clk 0:02:59]} 3. Nc3 {[%clk 0:03:00]}  d5 {[%clk 0:02:58]} 4. cxd5 {[%clk 0:03:01]}  Nxd5 {[%clk 0:02:59]} 5. e4 {[%clk 0:03:01]}  Nxc3 {[%clk 0:02:59]} 6. bxc3 {[%clk 0:03:02]}  Bg7 {[%clk 0:03:00]} 7. Bc4 {[%clk 0:03:03]}  c5 {[%clk 0:03:00]} 8. Ne2 {[%clk 0:03:04]}  O-O {[%clk 0:03:01]} 9. O-O {[%clk 0:03:04]}  Nc6 {[%clk 0:03:01]} 10. Be3 {[%clk 0:03:05]}  Bg4 {[%clk 0:02:51]} 11. f3 {[%clk 0:03:04]}  Bd7 {[%clk 0:02:44]} 12. Qd2 {[%clk 0:03:02]}  Na5 {[%clk 0:02:42]} 13. Bd3 {[%clk 0:03:01]}  Rc8 {[%clk 0:02:32]} 14. Rfc1 {[%clk 0:02:56]}  b6 {[%clk 0:02:25]} 15. Ba6 {[%clk 0:02:52]}  Ra8 {[%clk 0:02:18]} 16. dxc5 {[%clk 0:02:51]}  bxc5 {[%clk 0:02:17]} 17. Bxc5 {[%clk 0:02:51]}  Re8 {[%clk 0:02:10]} 18. Rd1 {[%clk 0:02:44]}  Qc7 {[%clk 0:02:05]} 19. Bd4 {[%clk 0:02:40]}  Be6 {[%clk 0:01:55]} 20. Bxg7 {[%clk 0:02:35]}  Kxg7 {[%clk 0:01:55]} 21. Rac1 {[%clk 0:02:06]}  Kg8 {[%clk 0:01:53]} 22. Nf4 {[%clk 0:01:50]}  Qb6+ {[%clk 0:01:52]} 23. Qf2 {[%clk 0:01:34]}  Qxa6 {[%clk 0:01:50]} 24. h4 {[%clk 0:01:35]}  Qb6 {[%clk 0:01:46]} 25. Rd4 {[%clk 0:01:33]}  Nc6 {[%clk 0:01:41]} 26. Nxe6 {[%clk 0:01:31]}  fxe6 {[%clk 0:01:37]} 27. Rd7 {[%clk 0:01:27]}  Qxf2+ {[%clk 0:01:32]} 28. Kxf2 {[%clk 0:01:28]}  Red8 {[%clk 0:01:30]} 29. Rc7 {[%clk 0:01:28]}  Ne5 {[%clk 0:01:30]} 30. Rb1 {[%clk 0:01:28]}  Rd2+ {[%clk 0:01:07]} 31. Kg3 {[%clk 0:01:28]}  Rxa2 {[%clk 0:01:07]} 32. Rxe7 {[%clk 0:01:27]}  Rf8 {[%clk 0:00:41]} 33. Rbb7 {[%clk 0:01:25]}  Rf7 {[%clk 0:00:36]} 34. Rb8+ {[%clk 0:01:24]}  Kg7 {[%clk 0:00:36]} 35. Rxe6 {[%clk 0:01:24]}  Nd7 {[%clk 0:00:33]} 36. Rc8 {[%clk 0:01:16]}  a5 {[%clk 0:00:32]} 37. Ra6 {[%clk 0:01:14]}  a4 {[%clk 0:00:29]} 38. c4 {[%clk 0:01:10]}  a3 {[%clk 0:00:19]} 39. c5 {[%clk 0:01:10]}  Rc2 {[%clk 0:00:17]} 40. c6 {[%clk 0:01:08]}  Ne5 {[%clk 0:00:15]} 41. Rxa3 {[%clk 0:00:51]}  Rxc6 {[%clk 0:00:15]} 42. Re8 {[%clk 0:00:50]}  Nd7 {[%clk 0:00:13]} 43. Rd3 {[%clk 0:00:48]}  Nf6 {[%clk 0:00:12]} 44. Re5 {[%clk 0:00:46]}  Nh5+ {[%clk 0:00:11]} 45. Kh2 {[%clk 0:00:44]}  Nf4 {[%clk 0:00:11]} 46. Rd2 {[%clk 0:00:43]}  h6 {[%clk 0:00:07]} 47. g3 {[%clk 0:00:41]}  Nh5 {[%clk 0:00:07]} 48. Kg2 {[%clk 0:00:42]}  Rc3 {[%clk 0:00:06]} 49. Rf2 {[%clk 0:00:41]}  Nf6 {[%clk 0:00:06]} 50. g4 {[%clk 0:00:38]}  Nd7 {[%clk 0:00:03]} 51. Rd5 {[%clk 0:00:38]}  Nb6 {[%clk 0:00:03]} 52. Rd4 {[%clk 0:00:36]}  Nc4 {[%clk 0:00:04]} 53. Kg3 {[%clk 0:00:35]}  Ne3 {[%clk 0:00:02]} 54. Ra4 {[%clk 0:00:27]}  Rc1 {[%clk 0:00:02]} 55. Ra3 {[%clk 0:00:22]}  Nf1+ {[%clk 0:00:02]} 56. Kg2 {[%clk 0:00:21]}  Ne3+ {[%clk 0:00:02]} 57. Rxe3 {[%clk 0:00:20]}  Rc5 {[%clk 0:00:02]} 58. e5 {[%clk 0:00:21]}  Re7 {[%clk 0:00:02]} 59. f4 {[%clk 0:00:21]}  Kf7 {[%clk 0:00:02]} 60. Rd2 {[%clk 0:00:18]}  Rc4 {[%clk 0:00:02]} 61. Kf3 {[%clk 0:00:18]}  Rc1 {[%clk 0:00:02]} 62. Rf2 {[%clk 0:00:15]}  Rh1 {[%clk 0:00:03]} 63. Kg3 {[%clk 0:00:14]}  Rg1+ {[%clk 0:00:03]} 64. Rg2 {[%clk 0:00:14]}  Rf1 {[%clk 0:00:03]} 65. h5 {[%clk 0:00:13]}  gxh5 {[%clk 0:00:02]} 66. gxh5 {[%clk 0:00:14]}  Rh1 {[%clk 0:00:02]} 67. Kg4 {[%clk 0:00:14]}  Re6 {[%clk 0:00:01]} 68. f5 {[%clk 0:00:13]}  Ra6 {[%clk 0:00:02]} 69. Re4 {[%clk 0:00:09]}  Ra3 {[%clk 0:00:02]} 70. Rg3 {[%clk 0:00:08]}  Ra2 {[%clk 0:00:02]} 71. Rb4 {[%clk 0:00:06]}  Rah2 {[%clk 0:00:03]} 72. Rb7+ {[%clk 0:00:06]}  Ke8 {[%clk 0:00:03]} 73. e6 {[%clk 0:00:06]}  Rxh5 {[%clk 0:00:03]} 74. f6 {[%clk 0:00:03]}  Rg5+ {[%clk 0:00:03]} 75. Kf4 {[%clk 0:00:03]}  Rf1+ {[%clk 0:00:02]} 76. Ke3 {[%clk 0:00:04]}  Rxg3+ {[%clk 0:00:01]} 77. Ke2 {[%clk 0:00:04]}  Rxf6 {[%clk 0:00:02]} 78. Rb8+ {[%clk 0:00:03]}  Ke7 {[%clk 0:00:03]} 79. Rb7+ {[%clk 0:00:04]}  Kxe6 {[%clk 0:00:04]} 80. Rb6+ {[%clk 0:00:05]}  Kf5 {[%clk 0:00:04]} 81. Rb5+ {[%clk 0:00:05]}  Kg6 {[%clk 0:00:05]} 82. Rb8 {[%clk 0:00:04]}  Rg5 {[%clk 0:00:06]} 83. Rg8+ {[%clk 0:00:04]}  Kh5 {[%clk 0:00:06]} 84. Rb8 {[%clk 0:00:05]}  Re5+ {[%clk 0:00:06]} 85. Kd1 {[%clk 0:00:05]}  Rd6+ {[%clk 0:00:07]} 86. Kc2 {[%clk 0:00:05]}  Rc5+ {[%clk 0:00:07]} 87. Kb3 {[%clk 0:00:06]}  Rdd5 {[%clk 0:00:08]} 88. Rf8 {[%clk 0:00:05]}  Rb5+ {[%clk 0:00:08]} 89. Kc4 {[%clk 0:00:05]}  Rg5 {[%clk 0:00:08]} 90. Rf1 {[%clk 0:00:04]}  Kg6 {[%clk 0:00:07]} 91. Rh1 {[%clk 0:00:03]}  h5 {[%clk 0:00:08]} 92. Rd1 {[%clk 0:00:04]}  Rbf5 {[%clk 0:00:07]} 93. Rh1 {[%clk 0:00:04]}  Rf4+ {[%clk 0:00:07]} 94. Kd3 {[%clk 0:00:05]}  h4 {[%clk 0:00:07]} 95. Ke2 {[%clk 0:00:06]}  Rg3 {[%clk 0:00:05]} 96. Rh2 {[%clk 0:00:05]}  Kg5 {[%clk 0:00:06]} 97. Ke1 {[%clk 0:00:06]}  Kg4 {[%clk 0:00:06]} 98. Rh1 {[%clk 0:00:07]}  Rb4 {[%clk 0:00:03]} 99. Kf1 {[%clk 0:00:06]} 0-1

[Event "April 9 Early 2024"]
[Site "Chess.com"]
[Date "2024.04.09"]
[Round "7"]
[White "Kiseljova, Marya"]
[Black "Rosh Jain"]
[Result "0-1"]
[Board "188"]
[WhiteFideId "4155009"]
[BlackFideId "25789465"]
[WhiteTitle "WFM"]
[BlackTitle "FM"]
[WhiteElo "2245"]
[BlackElo "2444"]
[WhiteTeam "RUS"]
[BlackTeam "IND"]
[WhiteClock "0:00:00"]
[BlackClock "0:01:21"]
[Variant "Standard"]

1. d4 {[%clk 0:03:00]}  Nf6 {[%clk 0:02:58]} 2. Nc3 {[%clk 0:03:00]}  d5 {[%clk 0:02:56]} 3. Bf4 {[%clk 0:02:59]}  e6 {[%clk 0:02:50]} 4. Nb5 {[%clk 0:02:56]}  Na6 {[%clk 0:02:50]} 5. e3 {[%clk 0:02:51]}  c6 {[%clk 0:02:49]} 6. Nc3 {[%clk 0:02:46]}  Nc7 {[%clk 0:02:50]} 7. Nf3 {[%clk 0:02:43]}  Bd6 {[%clk 0:02:49]} 8. Ne5 {[%clk 0:02:42]}  O-O {[%clk 0:02:47]} 9. Bd3 {[%clk 0:02:39]}  Nfe8 {[%clk 0:02:25]} 10. Qh5 {[%clk 0:02:16]}  f5 {[%clk 0:02:20]} 11. O-O {[%clk 0:01:57]}  Nf6 {[%clk 0:02:18]} 12. Qf3 {[%clk 0:01:57]}  Ne4 {[%clk 0:02:18]} 13. Bxe4 {[%clk 0:01:53]}  fxe4 {[%clk 0:02:15]} 14. Qg3 {[%clk 0:01:53]}  Ne8 {[%clk 0:02:13]} 15. h4 {[%clk 0:01:31]}  Nf6 {[%clk 0:02:12]} 16. Bg5 {[%clk 0:01:15]}  Kh8 {[%clk 0:02:05]} 17. Ne2 {[%clk 0:01:05]}  Qc7 {[%clk 0:02:03]} 18. Bf4 {[%clk 0:00:52]}  Nh5 {[%clk 0:01:57]} 19. Qg5 {[%clk 0:00:41]}  Rf5 {[%clk 0:01:53]} 20. Qg4 {[%clk 0:00:33]}  Nxf4 {[%clk 0:01:53]} 21. exf4 {[%clk 0:00:31]}  Bd7 {[%clk 0:01:43]} 22. h5 {[%clk 0:00:31]}  Be8 {[%clk 0:01:42]} 23. Ng3 {[%clk 0:00:31]}  Rf6 {[%clk 0:01:42]} 24. a4 {[%clk 0:00:26]}  Bf7 {[%clk 0:01:37]} 25. Qg5 {[%clk 0:00:15]}  Rf8 {[%clk 0:01:32]} 26. Kh2 {[%clk 0:00:13]}  Bg8 {[%clk 0:01:30]} 27. Ne2 {[%clk 0:00:13]}  Rf5 {[%clk 0:01:28]} 28. Qg4 {[%clk 0:00:12]}  Bf7 {[%clk 0:01:27]} 29. h6 {[%clk 0:00:11]}  Rh5+ {[%clk 0:01:25]} 30. Kg3 {[%clk 0:00:09]}  Rxh6 {[%clk 0:01:26]} 31. Rh1 {[%clk 0:00:09]}  Bxe5 {[%clk 0:01:24]} 32. dxe5 {[%clk 0:00:07]}  Rg6 {[%clk 0:01:22]} 33. Rxh7+ {[%clk 0:00:03]}  Kxh7 {[%clk 0:01:22]} 34. Rh1+ {[%clk 0:00:04]}  Kg8 {[%clk 0:01:22]} 35. Qxg6 {[%clk 0:00:04]}  Bxg6 {[%clk 0:01:23]} 36. Nd4 {[%clk 0:00:03]}  Qf7 {[%clk 0:01:22]} 37. Ne2 {[%clk 0:00:02]}  Bh5 {[%clk 0:01:22]} 38. f3 {[%clk 0:00:01]}  exf3 {[%clk 0:01:22]} 39. gxf3 {[%clk 0:00:02]}  Qg6+ {[%clk 0:01:22]} 40. Kf2 {[%clk 0:00:01]}  Bxf3 {[%clk 0:01:18]} 41. Kxf3 {[%clk 0:00:01]}  Qe4+ {[%clk 0:01:19]} 42. Kf2 {[%clk 0:00:01]}  Qxh1 {[%clk 0:01:19]} 43. Ng3 {[%clk 0:00:02]}  Qh2+ {[%clk 0:01:19]} 44. Kf3 {[%clk 0:00:02]}  g5 {[%clk 0:01:20]} 45. f5 {[%clk 0:00:02]}  Qxg3+ {[%clk 0:01:19]} 46. Kxg3 {[%clk 0:00:02]}  Rxf5 {[%clk 0:01:20]} 47. Kg4 {[%clk 0:00:00]}  Rxe5 {[%clk 0:01:21]} 0-1

[Event "April 9 Early 2024"]
[Site "Chess.com"]
[Date "2024.04.09"]
[Round "7"]
[White "Tang, Zoey"]
[Black "Cardozo Munar, Carlos Eduardo"]
[Result "0-1"]
[Board "190"]
[WhiteFideId "30952530"]
[BlackFideId "4409477"]
[WhiteTitle "FM"]
[BlackTitle "FM"]
[WhiteElo "2438"]
[BlackElo "2203"]
[WhiteTeam "USA"]
[BlackTeam "COL"]
[WhiteClock "0:00:00"]
[BlackClock "0:00:40"]
[Variant "Standard"]

1. d4 {[%clk 0:03:00]}  d5 {[%clk 0:02:48]} 2. c4 {[%clk 0:03:01]}  e5 {[%clk 0:02:47]} 3. dxe5 {[%clk 0:03:00]}  d4 {[%clk 0:02:42]} 4. Nf3 {[%clk 0:02:58]}  Nc6 {[%clk 0:02:42]} 5. Bf4 {[%clk 0:02:54]}  Nge7 {[%clk 0:02:42]} 6. Bg3 {[%clk 0:02:46]}  Ng6 {[%clk 0:02:42]} 7. Nbd2 {[%clk 0:02:40]}  Bg4 {[%clk 0:02:42]} 8. h3 {[%clk 0:02:38]}  Bxf3 {[%clk 0:02:43]} 9. exf3 {[%clk 0:02:35]}  Ngxe5 {[%clk 0:02:39]} 10. Bxe5 {[%clk 0:02:25]}  Nxe5 {[%clk 0:02:39]} 11. Qe2 {[%clk 0:02:25]}  Qe7 {[%clk 0:02:39]} 12. O-O-O {[%clk 0:02:24]}  O-O-O {[%clk 0:02:35]} 13. f4 {[%clk 0:02:20]}  Nc6 {[%clk 0:02:35]} 14. Qxe7 {[%clk 0:02:16]}  Bxe7 {[%clk 0:02:35]} 15. Nf3 {[%clk 0:02:17]}  Bf6 {[%clk 0:02:33]} 16. Bd3 {[%clk 0:02:15]}  g6 {[%clk 0:02:33]} 17. f5 {[%clk 0:02:13]}  Rhe8 {[%clk 0:02:32]} 18. fxg6 {[%clk 0:02:11]}  hxg6 {[%clk 0:02:32]} 19. a3 {[%clk 0:02:10]}  Ne5 {[%clk 0:02:32]} 20. Nxe5 {[%clk 0:02:03]}  Rxe5 {[%clk 0:02:33]} 21. Kc2 {[%clk 0:01:54]}  c5 {[%clk 0:02:33]} 22. f4 {[%clk 0:01:45]}  Re3 {[%clk 0:02:28]} 23. f5 {[%clk 0:01:44]}  g5 {[%clk 0:01:42]} 24. Rde1 {[%clk 0:01:31]}  Rde8 {[%clk 0:01:42]} 25. Rxe3 {[%clk 0:01:20]}  Rxe3 {[%clk 0:01:43]} 26. b4 {[%clk 0:01:17]}  b6 {[%clk 0:01:43]} 27. bxc5 {[%clk 0:01:16]}  bxc5 {[%clk 0:01:44]} 28. Rb1 {[%clk 0:01:15]}  Kc7 {[%clk 0:01:43]} 29. Kd2 {[%clk 0:01:07]}  Be5 {[%clk 0:01:43]} 30. Kc2 {[%clk 0:01:03]}  f6 {[%clk 0:01:38]} 31. Rb5 {[%clk 0:00:53]}  Bd6 {[%clk 0:01:37]} 32. Rb1 {[%clk 0:00:50]}  Rg3 {[%clk 0:01:32]} 33. Be4 {[%clk 0:00:44]}  Rc3+ {[%clk 0:01:27]} 34. Kd1 {[%clk 0:00:44]}  Rxa3 {[%clk 0:01:25]} 35. Rb7+ {[%clk 0:00:44]}  Kd8 {[%clk 0:01:23]} 36. Rf7 {[%clk 0:00:38]}  Be5 {[%clk 0:01:22]} 37. Rh7 {[%clk 0:00:21]}  a5 {[%clk 0:01:21]} 38. Ra7 {[%clk 0:00:21]}  a4 {[%clk 0:01:07]} 39. Bc6 {[%clk 0:00:19]}  Ra1+ {[%clk 0:01:06]} 40. Kc2 {[%clk 0:00:17]}  a3 {[%clk 0:01:06]} 41. Kb3 {[%clk 0:00:15]}  d3 {[%clk 0:01:07]} 42. Rxa3 {[%clk 0:00:13]}  Rb1+ {[%clk 0:01:03]} 43. Ka4 {[%clk 0:00:12]}  Rb4+ {[%clk 0:01:00]} 44. Ka5 {[%clk 0:00:11]}  Bc7+ {[%clk 0:00:56]} 45. Ka6 {[%clk 0:00:11]}  Rb6+ {[%clk 0:00:56]} 46. Ka7 {[%clk 0:00:11]}  Rxc6 {[%clk 0:00:57]} 47. Rxd3+ {[%clk 0:00:12]}  Rd6 {[%clk 0:00:54]} 48. Re3 {[%clk 0:00:12]}  Rd4 {[%clk 0:00:53]} 49. Kb7 {[%clk 0:00:07]}  Be5 {[%clk 0:00:52]} 50. Kc6 {[%clk 0:00:05]}  Rxc4 {[%clk 0:00:52]} 51. Kd5 {[%clk 0:00:05]}  Rc2 {[%clk 0:00:50]} 52. Ra3 {[%clk 0:00:03]}  Kc7 {[%clk 0:00:41]} 53. Ra7+ {[%clk 0:00:02]}  Kb6 {[%clk 0:00:42]} 54. Rf7 {[%clk 0:00:01]}  Rxg2 {[%clk 0:00:41]} 55. Rg7 {[%clk 0:00:01]}  Rd2+ {[%clk 0:00:40]} 56. Ke6 {[%clk 0:00:00]}  c4 {[%clk 0:00:40]} 0-1